[Event "Navarra-chT"]
[Site "Navarra"]
[Date "2016.11.12"]
[Round "6.6"]
[White "Razkin Fraile, Miguel Angel"]
[Black "Mombiela Martinez, Gonzalo"]
[Result "0-1"]
[WhiteElo "1721"]
[BlackElo "2137"]
[PlyCount "50"]
[EventDate "2016.10.08"]
[EventType "team-tourn"]
[EventRounds "7"]
[EventCountry "ESP"]
[SourceTitle "CBM 175 Extra"]
[Source "ChessBase"]
[SourceDate "2016.12.12"]
[SourceVersion "1"]
[SourceVersionDate "2016.12.12"]
[SourceQuality "1"]
[WhiteTeam "Mikel Gurea"]
[BlackTeam "Orvina"]
[WhiteTeamCountry "ESP"]
[BlackTeamCountry "ESP"]

1. e4 d5 2. e5 Bf5 3. d4 e6 4. Bd3 Ne7 5. Nc3 a6 6. Nce2 c5 7. c3 Nbc6 8. Nf3 cxd4 9. Bxf5 Nxf5 10. cxd4 Bb4+ 11. Bd2 0-0 12. Bxb4 Nxb4 13. a3 Nc6 14. 0-0 Rc8 15. b4 Qe7 16. Rc1 f6 17. exf6 Qxf6 18. Qd2 h6 19. Rfd1 Nd6 20. a4 Nc4 21. Qc3 b5 22. axb5 axb5 23. Ra1 Ra8 24. Rf1 g5 25. Nd2 Rxa1 0-1